<?xml version="1.0" encoding="UTF-8"?>
<record
    xmlns:xsi="http://www.w3.org/2001/XMLSchema-instance"
    xsi:schemaLocation="http://www.loc.gov/MARC21/slim http://www.loc.gov/standards/marcxml/schema/MARC21slim.xsd"
    xmlns="http://www.loc.gov/MARC21/slim">

  <leader>00697nam a22002177a 4500</leader>
  <controlfield tag="003">SISC</controlfield>
  <controlfield tag="005">20181009091249.0</controlfield>
  <controlfield tag="008">160726b        xxu||||| |||| 00| 0 eng d</controlfield>
  <datafield tag="020" ind1=" " ind2=" ">
    <subfield code="a">9789712369520</subfield>
  </datafield>
  <datafield tag="050" ind1=" " ind2=" ">
    <subfield code="a">PL 6164 .Am523 2015</subfield>
  </datafield>
  <datafield tag="100" ind1=" " ind2=" ">
    <subfield code="a">Guimarie, Aida M. </subfield>
  </datafield>
  <datafield tag="245" ind1=" " ind2=" ">
    <subfield code="a">Kalinangan: batayang kagamitang pampagtuturo 9 / </subfield>
    <subfield code="c">Maybel G. Amog, Nelia P. Pagoso [at] Mercedes DL. Tulaylay. </subfield>
  </datafield>
  <datafield tag="250" ind1=" " ind2=" ">
    <subfield code="a">Binagong ed. </subfield>
  </datafield>
  <datafield tag="260" ind1=" " ind2=" ">
    <subfield code="a">Manila : </subfield>
    <subfield code="b">Rex Bookstore, </subfield>
    <subfield code="c">2015.</subfield>
  </datafield>
  <datafield tag="300" ind1=" " ind2=" ">
    <subfield code="a">lxxxviii, 440 p. :</subfield>
    <subfield code="b">ill. ; </subfield>
    <subfield code="c">26 cm.</subfield>
  </datafield>
  <datafield tag="650" ind1=" " ind2=" ">
    <subfield code="a">Filipino language--Grammar. </subfield>
  </datafield>
  <datafield tag="650" ind1=" " ind2=" ">
    <subfield code="a">Filipino literature. </subfield>
  </datafield>
  <datafield tag="700" ind1=" " ind2=" ">
    <subfield code="a">Pagoso, Nelia P. </subfield>
  </datafield>
  <datafield tag="700" ind1=" " ind2=" ">
    <subfield code="a">Tulaylay, Mercedes DL.</subfield>
  </datafield>
  <datafield tag="942" ind1=" " ind2=" ">
    <subfield code="2">lcc</subfield>
    <subfield code="c">BK</subfield>
  </datafield>
  <datafield tag="999" ind1=" " ind2=" ">
    <subfield code="c">298061</subfield>
    <subfield code="d">298061</subfield>
  </datafield>
  <datafield tag="952" ind1=" " ind2=" ">
    <subfield code="0">0</subfield>
    <subfield code="1">0</subfield>
    <subfield code="2">lcc</subfield>
    <subfield code="4">0</subfield>
    <subfield code="a">LUX</subfield>
    <subfield code="b">LUX</subfield>
    <subfield code="c">TR</subfield>
    <subfield code="d">2016-07-26</subfield>
    <subfield code="e">Library Fund</subfield>
    <subfield code="l">5</subfield>
    <subfield code="m">4</subfield>
    <subfield code="o">PL 6164 .Am523 2015</subfield>
    <subfield code="p">20309</subfield>
    <subfield code="r">2019-12-11 00:00:00</subfield>
    <subfield code="s">2019-10-22</subfield>
    <subfield code="w">2016-07-26</subfield>
    <subfield code="y">BK</subfield>
  </datafield>
  <datafield tag="952" ind1=" " ind2=" ">
    <subfield code="0">0</subfield>
    <subfield code="1">0</subfield>
    <subfield code="2">lcc</subfield>
    <subfield code="4">0</subfield>
    <subfield code="a">LUX</subfield>
    <subfield code="b">LUX</subfield>
    <subfield code="c">TR</subfield>
    <subfield code="d">2018-10-09</subfield>
    <subfield code="e">Library Fund</subfield>
    <subfield code="k">TR</subfield>
    <subfield code="l">0</subfield>
    <subfield code="o">PL 6164 .Am523 2015</subfield>
    <subfield code="p">20585</subfield>
    <subfield code="r">2018-10-09 00:00:00</subfield>
    <subfield code="w">2018-10-09</subfield>
    <subfield code="y">BK</subfield>
  </datafield>
  <datafield tag="952" ind1=" " ind2=" ">
    <subfield code="0">0</subfield>
    <subfield code="1">0</subfield>
    <subfield code="2">lcc</subfield>
    <subfield code="4">0</subfield>
    <subfield code="a">LUX</subfield>
    <subfield code="b">LUX</subfield>
    <subfield code="c">TR</subfield>
    <subfield code="d">2019-12-12</subfield>
    <subfield code="e">Library Fund</subfield>
    <subfield code="l">0</subfield>
    <subfield code="o">PL 6164 .Am523 2019</subfield>
    <subfield code="p">20906</subfield>
    <subfield code="r">2019-12-12 00:00:00</subfield>
    <subfield code="w">2019-12-12</subfield>
    <subfield code="y">BK</subfield>
  </datafield>
</record>
